LEADER 01285nam a2200385 i 4500 001 991001018939707536 005 20020507181737.0 008 990721s1997 us ||| | eng 020 $a0821804944 035 $ab10789819-39ule_inst 035 $aLE01305822$9ExL 040 $aDip.to Matematica$beng 082 0 $a515.42 084 $aAMS 28D05 084 $aAMS 30D50 084 $aAMS 58F03 084 $aAMS 58F17 084 $aAMS 60F15 084 $aAMS 60J10 084 $aAMS 60J15 084 $aAMS 90D05 084 $aQA313.A23 100 1 $aAaronson, Jon$0535777 245 13$aAn introduction to infinite ergodic theory /$cJon Aaronson 260 $aProvidence, R.I. :$bAmerican Mathematical Society,$cc1997 300 $axii, 284 p. ;$c27 cm 490 0 $aMathematical surveys and monographs,$x0076-5376 ;$v50 500 $aIncludes bibliographical references (p. 275-280) and index 650 0$aErgodic theory 907 $a.b10789819$b23-02-17$c28-06-02 912 $a991001018939707536 945 $aLE013 28D AAR11 (1997)$g1$i2013000117324$lle013$o-$pE0.00$q-$rl$s- $t0$u0$v0$w0$x0$y.i10890312$z28-06-02 996 $aIntroduction to infinite ergodic theory$9921319 997 $aUNISALENTO 998 $ale013$b01-01-99$cm$da $e-$feng$gus $h3$i1 LEADER 02146nam 2200637 450 001 9910827640103321 005 20230803202425.0 010 $a1-78371-210-4 010 $a1-78371-209-0 035 $a(CKB)3710000000111555 035 $a(EBL)3386769 035 $a(SSID)ssj0001326864 035 $a(PQKBManifestationID)11755670 035 $a(PQKBTitleCode)TC0001326864 035 $a(PQKBWorkID)11524035 035 $a(PQKB)10546546 035 $a(MiAaPQ)EBC3386769 035 $a(Au-PeEL)EBL3386769 035 $a(CaPaEBR)ebr10869969 035 $a(CaONFJC)MIL987465 035 $a(OCoLC)923335949 035 $a(EXLCZ)993710000000111555 100 $a20140524h20142014 uy 0 101 0 $aeng 135 $aur|n|---||||| 181 $ctxt 182 $cc 183 $acr 200 10$aCrisis and control $ethe militarization of protest policing /$fLesley J. Wood 210 1$aLondon :$cPluto Press,$d2014. 210 4$dİ2014 215 $a1 online resource (216 p.) 300 $aDescription based upon print version of record. 311 $a0-7453-3388-5 311 $a0-7453-3389-3 320 $aIncludes bibliographical references and index. 327 $aIntroduction -- Policing waves of protest, 1995-2013 -- To serve and protect who? policing trends and best practices -- Local legitimacy and struggles for control -- Officers under attack--the thin blue line, pepper spray, and police identity -- Experts, agencies, the private security sector, and integration -- Protest as threat -- Urine-filled supersoakers -- Crisis and control. 606 $aPolice 606 $aCrowd control 606 $aIntelligence service 606 $aDemonstrations 606 $aProtest movements 615 0$aPolice. 615 0$aCrowd control. 615 0$aIntelligence service. 615 0$aDemonstrations. 615 0$aProtest movements. 676 $a363.32/3 700 $aWood$b Lesley J.$0781744 801 0$bMiAaPQ 801 1$bMiAaPQ 801 2$bMiAaPQ 906 $aBOOK 912 $a9910827640103321 996 $aCrisis and control$93961996 997 $aUNINA